000 01016nam a22002177a 4500
001 EIF-VIII-2013-M12-001
003 OSt
005 20221223102333.0
008 221223b |||||||| |||| 00| 0 eng d
040 _aFundación Jesús Pereda
_cFundación Jesús Pereda
041 _aCastellano
100 _uEuropean University Institute
_aAlares López, Gustavo
_9705
111 _aEncuentro de Investigadores del Franquismo
_c(Barcelona.
_d2013.
_n8º)
_9100
245 _aEn busca del "cuarto hombre":
_bhistoriadores falangistas en la historiografía española de los años cincuenta
_c/Gustavo Alares López
610 0 _9634
_aUniversidad de Zaragoza
610 0 _9306
_aFalange Española Tradicionalista y de las Juntas de Ofensiva Nacional Sindicalista (FET y de las JONS)
650 0 _9818
_aHistoriografía
773 _tActas del VIII Encuentro de Investigadores del Franquismo
856 _uhttps://bibliotecaccoocyl.fundacionjesuspereda.es/cgi-bin/koha/opac-retrieve-file.pl?id=0d3da46465617627b2807987ceda69a2
942 _2ddc
_cCF
_n0
999 _c494
_d494